000 00591nam a2200229Ia 4500
003 OSt
005 20221005121219.0
006 a|||||r|||| 00| 0
007 ta
008 221004b |||||||| |||| 00| 0 eng d
024 _a49832
037 _cTextual
040 _aCRL
_cCRL
_beng
041 _2eng
_aeng
082 _aP152, A
100 _aForbes Duncan
245 0 _aGrammar of the Hindustani language in the oriental and Roman character etc.
260 _c1800
650 _aLINGUISTICS
942 _hP152, A
_cTEXL
_2cc
999 _c1040484
_d1040484